Избранное: повести; роман; пер. с пол.; Низины ; Дзюрдзи; В провинции

Podrobná bibliografie
Hlavní autor: Ожешко Э. Элиза
Jazyk:ruština
Vydáno: Минск, Наука и техника, 1985
TOC:Низины ; Дзюрдзи;
В провинции;
Témata:
Médium: Kniha
KOHA link:https://koha.lib.tpu.ru/cgi-bin/koha/opac-detail.pl?biblionumber=260793

MARC

LEADER 00000nam0a2200000 4500
001 260793
005 20231101233516.0
035 |a (RuTPU)RU\TPU\book\283763 
090 |a 260793 
100 |a 20140519d1985 m y0rusy50 ca 
101 1 |a rus  |c pol 
102 |a BY 
105 |a c z 001ay 
200 1 |a Избранное  |e повести  |e роман  |e пер. с пол.  |f Э. Ожешко 
210 |a Минск  |c Наука и техника  |d 1985 
215 |a 591 с.  |c портр. 
320 |a Об авторе: с. 585-590 
464 |t Низины ; Дзюрдзи  |o повести 
464 |t В провинции  |o роман 
606 1 |a Белорусская литература  |2 stltpush  |3 (RuTPU)RU\TPU\subj\28192  |9 51766 
610 1 |a художественная литература 
610 1 |a белорусская литература 
610 1 |a белорусы 
610 1 |a романы 
610 1 |a повести 
610 1 |a деревня 
610 1 |a 19 век 
675 |a 882.6  |v 3 
700 1 |a Ожешко  |b Э.  |c польская писательница  |f 1841-1910  |g Элиза  |2 stltpush  |3 (RuTPU)RU\TPU\pers\36722  |9 19761 
801 1 |a RU  |b 63413507  |c 20140519 
801 2 |a RU  |b 63413507  |c 20211004  |g RCR 
942 |c BK